The crucible : the story of Joseph Priestly, LL.D, F.R.S. A novel.

Saved in:
Bibliographic Details
Main Author: Gillam, John Graham
Format: Book
Language:English
Published: Lond. : Hale, 1954.
Subjects:
LEADER 00726nam a22001931 4500
001 c000362797
003 CARM
005 00000000000000.0
008 851113s1954 enk 1 eng d
019 1 |a 4148399  |z 45122558  |5 LACONCORD2021 
035 |a (OCoLC)219503021  |5 LACONCORD2021 
100 1 |a Gillam, John Graham. 
245 1 4 |a The crucible :  |b the story of Joseph Priestly, LL.D, F.R.S. A novel. 
260 |a Lond. :  |b Hale,  |c 1954. 
600 1 0 |a Priestly, Joseph  |x Fiction. 
852 8 |b CARM  |h A1:AM17B0  |i B09497  |p 0431491  |f BK 
082 0 4 |a 823.9 
999 f f |i 1cbbfdd0-5abc-5981-8a6b-6655ba647996  |s 99cbfd13-f7be-55d5-95ae-2a97a75fe354 
952 f f |p Can circulate  |a CAVAL  |b CAVAL  |c CAVAL  |d CARM 1 Store  |e B09497  |f A1:AM17B0  |h Other scheme  |i book  |m 0431491